| 000 | 00000nam##2200000za#4500 |
| 001 | 9.642931 |
| 003 | CaOODSP |
| 005 | 20210624223933 |
| 007 | cr ||||||||||| |
| 008 | 150407|2005||||xxc|||||o f|0| 0 fre|d |
| 040 | |aCaOODSP|bfre |
| 043 | |an-cn--- |
| 086 | 1 |aP4-59/2005F-PDF |
| 110 | 1 |aCanada. |bTravaux publics et services gouvernementaux Canada. |
| 245 | 10|aQualité de l'air intérieur : |h[ressource électronique]|bconseils pour améliorer la qualité de l'air dans votre bureau |
| 260 | |aOttawa - Ontario : |bTravaux publics et Services gouvernementaux Canada |cNovembre 2000, révisé en avril 2005. |
| 300 | |a8p. |
| 590 | |a14-05-Supp|b2014-02-26 |
| 691 | 07|aMilieu de travail|2gcpds |
| 691 | 07|aQualité de l'air|2gcpds |
| 775 | 08|tIndoor air quality : |w(CaOODSP)9.698934 |
| 856 | 40|ahttp://publications.gc.ca|qPDF|s72 Ko|uhttps://publications.gc.ca/collections/collection_2014/tpsgc-pwgsc/P4-59-2005-fra.pdf |